[Event "Tehran Paytakht Cup 1st"]
[Site "Tehran"]
[Date "2016.10.25"]
[Round "1"]
[White "Darini, Pouria"]
[Black "Salimifard, Behtash"]
[Result "1/2-1/2"]
[WhiteElo "2509"]
[BlackElo "2216"]
[PlyCount "136"]
[EventDate "2016.10.25"]
[EventType "swiss"]
[EventRounds "9"]
[EventCountry "IRI"]
[SourceTitle "EXT 2018"]
[Source "ChessBase"]
[SourceDate "2017.10.13"]
[SourceVersion "1"]
[SourceVersionDate "2017.10.13"]
[SourceQuality "1"]

1. d4 Nf6 2. Nc3 d5 3. Bf4 Bf5 4. f3 e6 5. g4 Bg6 6. h4 h6 7. h5 Bh7 8. e3 Bd6 9. Bd3 c5 10. Bxh7 Nxh7 11. Nge2 cxd4 12. exd4 Ng5 13. Bxd6 Qxd6 14. f4 Nh7 15. Qd3 Nc6 16. 0-0-0 0-0-0 17. Kb1 Kb8 18. Qe3 Nf6 19. g5 hxg5 20. fxg5 Nxh5 21. Qf3 g6 22. Qxf7 Rhg8 23. Qf3 Rdf8 24. Qe3 a6 25. Na4 Rf5 26. Nc1 Rgf8 27. Nc5 b6 28. Qxe6 Qxe6 29. Nxe6 Re8 30. Rxh5 Rxe6 31. Rh8+ Kc7 32. Rh7+ Re7 33. Rxe7+ Nxe7 34. Rg1 Nc6 35. c3 Nd8 36. Nd3 Nf7 37. Re1 Kd7 38. a4 Rxg5 39. a5 bxa5 40. Nc5+ Kc6 41. Re7 Nd6 42. Ra7 Ne4 43. Nd3 Kb6 44. Rd7 Kc6 45. Rg7 Nd2+ 46. Ka2 Nc4 47. Nf4 a4 48. Rxg6+ Rxg6 49. Nxg6 Ne3 50. Ne5+ Kb5 51. Nd3 a5 52. Ne5 Nc4 53. Nf3 Ne3 54. Nd2 Nc4 55. Nf1 Kc6 56. Kb1 Kb5 57. Kc2 Kc6 58. Nd2 Kb5 59. Nb1 Kc6 60. Na3 Ne3+ 61. Kd3 Nd1 62. Kc2 Ne3+ 63. Kd2 Nf5 64. Kd3 Kb6 65. c4 dxc4+ 66. Ke4 Ne7 67. Ke5 Kc6 68. Nxc4 Kb5 1/2-1/2

[Event "Avicenna op 13th"]
[Site "Hamedan"]
[Date "2016.08.24"]
[Round "1"]
[White "Salimifard, Behtash"]
[Black "Ghaem Maghami, Ehsan"]
[Result "1/2-1/2"]
[WhiteElo "2202"]
[BlackElo "2570"]
[PlyCount "27"]
[EventDate "2016.08.24"]
[EventType "swiss"]
[EventRounds "9"]
[EventCountry "IRI"]
[SourceTitle "CBM 174 Extra"]
[Source "ChessBase"]
[SourceDate "2016.10.10"]
[SourceVersion "1"]
[SourceVersionDate "2016.10.10"]
[SourceQuality "1"]

1. c4 Nf6 2. Nc3 e6 3. e4 d5 4. e5 d4 5. exf6 dxc3 6. bxc3 Qxf6 7. d4 b6 8. Nf3 Bb7 9. Bd3 Bxf3 10. gxf3 Bd6 11. Be4 c6 12. a4 Qe7 13. a5 Qb7 14. Qa4 1/2-1/2

[Event "Bushehr Lian op 7th"]
[Site "Bushehr"]
[Date "2015.11.12"]
[Round "2"]
[White "Salimifard, Behtash"]
[Black "Dalkani, Rasoul"]
[Result "1-0"]
[WhiteElo "2138"]
[BlackElo "1797"]
[PlyCount "93"]
[EventDate "2015.11.11"]
[EventType "swiss"]
[EventRounds "9"]
[EventCountry "IRI"]
[SourceTitle "CBM 169 Extra"]
[Source "ChessBase"]
[SourceDate "2015.12.18"]
[SourceVersion "1"]
[SourceVersionDate "2015.12.18"]
[SourceQuality "1"]

1. c4 e6 2. Nc3 Nf6 3. e4 d6 4. d4 c5 5. dxc5 Qa5 6. Bd2 Qxc5 7. Be3 Qa5 8. Bd3 d5 9. cxd5 exd5 10. exd5 Bb4 11. Bd2 0-0 12. Nge2 Re8 13. a3 Bxc3 14. Bxc3 Qxd5 15. Bxf6 Qxg2 16. Kd2 Qxf2 17. Bd4 Qh4 18. Qg1 Qh6+ 19. Be3 Qf6 20. Nc3 Nc6 21. Qg5 Qxg5 22. Bxg5 Ne5 23. Raf1 Bg4 24. Bf4 Nf3+ 25. Kc1 Rac8 26. Rf2 Nd4 27. Rg1 Be2 28. Rg3 Bh5 29. Re3 Red8 30. Rh3 g6 31. Be5 Nb3+ 32. Kc2 Bg4 33. Rg3 Be6 34. Kb1 Nc5 35. Bc2 Nd7 36. Bd4 Rc4 37. Ne2 Rc7 38. h4 Rdc8 39. Bc3 Nc5 40. h5 Rd7 41. Nf4 Bb3 42. hxg6 Bxc2+ 43. Kxc2 fxg6 44. Nxg6 hxg6 45. Rxg6+ Kh7 46. Rg3 Rc6 47. Rf8 1-0